Most Killed/Eaten Animals Quiz Stats

 Plays Quiz Updated Sep 24, 2015

Score 0/10 Timer 04:00
7 Plays Today
# killed Animal % Correct
293,000,000Cow
99.2%
52,000,000,000Chicken
97.7%
1,300,000,000Pig
95.9%
518,000,000Sheep
78.6%
633,000,000Turkey
70.1%
398,000,000Goat
69.6%
2,600,000,000Duck
62.8%
1,100,000,000Rabbit
41.3%
24,000,000Water Buffalo
33.6%
65,000,000Guinea Pig
10.5%

You're not logged in!

Compare scores with friends on all Sporcle quizzes.
OR
Log In

You Might Also Like...

Show Comments

Extras

Top Quizzes Today


Score Distribution

Your Account Isn't Verified!

In order to create a playlist on Sporcle, you need to verify the email address you used during registration. Go to your Sporcle Settings to finish the process.

Report this User

Report this user for behavior that violates our Community Guidelines.

Details: